[Event "HUN-ch Rapid 2020"]
[Site "Ajka"]
[Date "2020.07.18"]
[Round "6.24"]
[White "Deak, Sandor"]
[Black "Acs, Marton"]
[Result "1-0"]
[WhiteElo "2281"]
[BlackElo "2167"]
[Annotator "TA"]
[PlyCount "121"]
[EventDate "2020.07.17"]
[EventType "swiss"]
[EventCountry "HUN"]
[SourceTitle "playchess.com"]
[Source "ChessBase"]
[SourceQuality "1"]

{[%evp 11,121,0,0,0,30,0,0,0,10,0,22,22,29,2,18,0,10,8,20,0,0,0,-6,-31,-35,-36,-27,-31,-34,-38,-8,-8,-7,-18,0,0,0,0,0,-33,0,-16,-4,-25,0,0,0,-25,0,-10,0,-2,-7,-18,10,-2,0,0,0,0,44,31,27,8,18,0,0,0,0,0,0,0,0,0,219,203,203,195,320,320,431,421,4031,2068,29959,7116,29974,29975,29975,29976,29973,29977,29977,29978,29978,29979,29978,29980,29980,29981,29981,29982,29982,29982,29982,29983,29983,29984,29984,29985,29987,29988]} 1. e4 e5 2. Nf3 Nc6 3. Nc3 Nf6 4. Bb5 Bc5 5. O-O O-O 6. Bxc6 dxc6 7. h3 {C48: Four Knights: 4 Bb5, replies other than 4...Bb4.} h6 8. d3 Re8 9. Be3 {The position is equal.} Qe7 {[#]} 10. Ne2 $146 ({Predecessor:} 10. Bxc5 Qxc5 11. Re1 Bd7 12. d4 exd4 13. Qxd4 Qxd4 14. Nxd4 {½-½ (14) Bruzon Batista,L (2610)-De la Paz Perdomo,F (2427) Decameron 2003}) 10... Bd6 11. Ng3 Nh7 12. Nh2 Nf8 13. Qh5 Ng6 14. Nf5 Bxf5 15. exf5 Nf4 16. Bxf4 exf4 17. Ng4 Qg5 18. Qxg5 hxg5 19. Rfe1 f6 20. Kf1 Kf7 21. Rxe8 Rxe8 22. Re1 Rxe1+ (22... Ra8 {is more complex.} 23. Nh2 a5 24. Nf3 a4 25. Re4 Ra5) 23. Kxe1 $11 {[%mdl 4096] Endgame KB-KN} g6 24. fxg6+ Kxg6 25. f3 Bc5 26. c3 Bd6 27. Nf2 Kf5 28. Ke2 c5 29. Ne4 Be7 30. Kf2 Ke5 31. g4 fxg3+ 32. Kxg3 f5 33. Nd2 b6 34. Nc4+ Kf6 35. f4 b5 36. fxg5+ Kxg5 37. h4+ Kf6 38. Ne3 {White wants to play Nd5+.} Bd6+ 39. Kf3 Kg6 40. c4 c6 41. b3 Be5 42. Ng2 Kh5 $2 {White now steadily converts the win.} (42... Kf6 $11 {and Black stays safe.}) 43. Nf4+ $18 Kh6 {[#]} 44. Ne6 $1 Bd6 (44... bxc4 {might work better.} 45. bxc4 (45. dxc4 Kh5 $16) 45... Bf6) 45. Nd8 {Threatens to win with Nf7+.} Kh5 46. Nxc6 a6 (46... bxc4 $142 47. bxc4 a6) 47. cxb5 axb5 48. a4 bxa4 49. bxa4 {White mates.} Kxh4 50. a5 {[%cal Ba4a5,Ba5a6][%mdl 32]} Bc7 51. a6 Bb6 52. Kf4 Kh3 53. Kxf5 Kg3 54. Ke4 Kf2 55. a7 Bxa7 56. Nxa7 {KN-KP} Ke2 57. Nc8 Kd2 58. Nb6 Kc3 59. Na4+ {[%mdl 64] [#] Double Attack} Kb4 60. Kd5 c4 61. dxc4 {Accuracy: White = 92%, Black = 61%.} 1-0

[Event "HUN-ch Rapid 2020"]
[Site "Ajka"]
[Date "2020.07.18"]
[Round "6.25"]
[White "Fodor, Balazs"]
[Black "Farago, Sandor"]
[Result "0-1"]
[WhiteElo "2154"]
[BlackElo "2271"]
[Annotator "TA"]
[PlyCount "118"]
[EventDate "2020.07.17"]
[EventType "swiss"]
[EventCountry "HUN"]
[SourceTitle "playchess.com"]
[Source "ChessBase"]
[SourceQuality "1"]

{[%evp 13,118,72,70,23,68,20,26,17,46,15,54,35,77,47,51,15,19,10,16,-14,-12,-25,-4,-4,7,0,43,-33,-33,-33,-33,-33,-33,-33,-33,-33,-33,-33,-33,-33,-33,-33,-33,-33,36,36,36,41,130,115,116,96,95,36,124,36,142,75,59,36,36,0,79,36,36,0,36,36,36,0,101,36,36,36,36,36,36,36,47,36,51,0,0,0,0,0,0,0,0,-325,-318,-283,-297,-1323,-1358,-1274,-1270,-1097,-865,-1008,-912,-1267,-900,-29983,-29984,-29987,-29988]} 1. d4 Nf6 2. c4 g6 3. Nc3 Bg7 4. e4 d6 5. f3 Nbd7 6. Be3 e5 7. d5 a5 {[#]} 8. b3 $146 {E80: King's Indian: Sämisch: Lines without early ...0-0.} ({Predecessor:} 8. Qd2 Nc5 9. Nge2 Bd7 10. O-O-O h5 11. Kb1 Qb8 12. Nc1 O-O 13. Be2 a4 14. h3 Nh7 15. g4 f5 16. gxf5 gxf5 {1-0 (36) Ratkovic,M (2378)-Saric,S (2422) Kragujevac 2016}) 8... b6 9. Nh3 Nc5 10. Nf2 {White has an edge.} Bd7 11. Be2 h5 12. Qd2 Qb8 13. Nd3 h4 14. O-O Nh5 15. Nxc5 bxc5 16. a4 Nf4 17. Nb5 Qd8 18. Bd3 Bf6 (18... Bh6 {with more complications.} 19. Rae1 Rh7 20. Bc2 Kf8 21. Bb1 Bg7) 19. Ra2 g5 (19... Bg7 {looks sharper.} 20. Bb1 Kf8 21. Qc3 Kg8 22. Qc1 Bh6) 20. Bxf4 (20. h3 $14) 20... exf4 $15 21. h3 Be5 22. Be2 c6 23. dxc6 Bxc6 24. Rd1 {[%cal Rb5d6]} Rh6 25. Qe1 Qb6 26. Kh1 Ke7 27. Qf2 Rf8 28. Rad2 f5 (28... Re8 $15) 29. exf5 $14 Rxf5 30. Bd3 Rff6 (30... Rf7 $1 $14) 31. Qe2 Kf8 32. Be4 Be8 33. Rd3 (33. Rd5 $1 $16) 33... Rh8 (33... Bf7 $14) 34. Qc2 (34. Rd5 $16) 34... Ke7 (34... Bf7 $1 $14) 35. Nc3 ({Better is} 35. Rd5 $1) 35... Bf7 $16 36. Bd5 {Hoping for Bxf7.} Bg6 37. Be4 Bf7 38. Qe2 Kf8 39. Nb5 Kg7 40. Qd2 {[%cal Rb5d6]} Rhh6 41. Qe2 Be8 {[#]} (41... Rh8 $11) 42. Na3 (42. Rd5 $1 $16) 42... Rh8 43. Nc2 Bd7 44. Ne1 Qc7 45. Qc2 Qc8 46. R3d2 Bxh3 {aiming for ...Be6.} 47. gxh3 ({White should play} 47. Nd3 $14 Bf5 48. Nxe5 dxe5 49. Rd5) 47... Qxh3+ $11 48. Kg1 Bd4+ 49. Rxd4 cxd4 50. Qg2 Qg3 51. Nd3 $2 {[%mdl 8192] [#]} (51. Nc2 $1 $11 {and White is okay.}) 51... h3 $1 $19 {[%csl Gh3][%cal Rg3g2]} 52. Qxg3 fxg3 53. Rd2 $2 {[#]} (53. Nc1 g4 54. fxg4) 53... g4 $1 {[%mdl 512]} 54. f4 (54. fxg4 h2+) 54... Re8 55. Bd5 Re3 56. Rd1 Re2 57. Kf1 Ra2 {Threatens to win with ...h2.} 58. Re1 g2+ 59. Kg1 g3 {Accuracy: White = 52%, Black = 67%.} 0-1

[Event "HUN-ch Rapid 2020"]
[Site "Ajka"]
[Date "2020.07.18"]
[Round "7.1"]
[White "Kozak, Adam"]
[Black "Antal, Gergely"]
[Result "1/2-1/2"]
[WhiteElo "2503"]
[BlackElo "2571"]
[Annotator "TA"]
[PlyCount "67"]
[EventDate "2020.07.17"]
[EventType "swiss"]
[EventCountry "HUN"]
[SourceTitle "playchess.com"]
[Source "ChessBase"]
[SourceQuality "1"]

{[%evp 10,67,25,13,17,15,22,0,21,-7,-3,0,14,0,49,45,72,0,0,0,0,0,0,4,21,21,21,-29,-41,-48,-13,-14,-4,-16,0,0,0,0,0,0,0,-5,0,0,0,0,4,0,31,0,0,0,0,0,0,0,0,0,0,0]} 1. Nf3 d5 2. g3 g6 3. Bg2 Bg7 4. d4 Nf6 5. O-O c6 6. c4 dxc4 {D73: Fianchetto Grünfeld: 5 Nf3 .} 7. a4 Ne4 8. Na3 Nd6 9. Re1 O-O 10. e4 {[#]} Na6 $146 {[%cal Bb8a6,Ba6c5,Bc5b3,Bb3d4,Bd4c2][%mdl 32]} ({Predecessor:} 10... Bg4 11. h3 Bxf3 12. Bxf3 e5 13. dxe5 Bxe5 14. Bh6 Re8 15. Qc2 Qf6 16. Bg2 g5 17. Bxg5 Qxg5 {0-1 (33) Tabatabaei,M (2638)-Smirnov,A (2604) chess.com INT 2020}) 11. h3 c5 12. e5 Nf5 {[%cal Rf5d4] [#]} 13. dxc5 (13. d5 $1 $16) 13... Nxc5 $11 {aiming for ...Nd3.} 14. g4 Nb3 15. Rb1 Nfd4 16. Nxd4 Qxd4 17. Qxd4 Nxd4 18. Nxc4 Be6 19. b3 Rab8 20. Ba3 Nc2 {[#] Strongly threatening ...Bxc4.} 21. Bxe7 Nxe1 22. Bxf8 ({Much worse is} 22. Rxe1 Rfe8 $17) 22... Bxf8 23. Rxe1 b5 24. axb5 Rxb5 25. Re3 Bc5 26. Rd3 Bxc4 27. bxc4 {[%mdl 4096] Endgame KRB-KRB} Rb1+ 28. Kh2 Bxf2 29. Bd5 Rb2 {The position is equal.} 30. Rf3 Bd4+ 31. Kh1 Rf2 32. Bxf7+ Kf8 33. Rxf2 Bxf2 34. Bd5 {Accuracy: White = 83%, Black = 84%.} 1/2-1/2

[Event "HUN-ch Rapid 2020"]
[Site "Ajka"]
[Date "2020.07.18"]
[Round "7.2"]
[White "Banusz, Tamas"]
[Black "Bagi, Mate"]
[Result "1/2-1/2"]
[WhiteElo "2628"]
[BlackElo "2478"]
[Annotator "TA"]
[PlyCount "107"]
[EventDate "2020.07.17"]
[EventType "swiss"]
[EventCountry "HUN"]
[SourceTitle "playchess.com"]
[Source "ChessBase"]
[SourceQuality "1"]

{[%evp 21,107,27,31,20,18,17,20,15,40,7,2,0,0,0,30,24,32,0,81,74,83,65,130,130,133,135,129,132,137,136,138,141,141,148,148,148,162,122,137,126,237,231,191,147,157,158,146,160,154,154,156,162,159,158,158,161,158,152,156,145,139,147,213,196,194,194,185,185,314,-14,-14,-257,-252,-259,-259,-403,-222,-193,-108,-108,-108,-108,-108,-108,0,0,0,0]} 1. d4 Nf6 2. Nf3 g6 3. g3 d5 4. Bg2 Bg7 5. O-O O-O 6. c4 dxc4 7. Na3 Nc6 8. Nxc4 Be6 9. b3 Bd5 10. Bb2 a5 11. a4 Qc8 12. e3 {D77: Fianchetto Grünfeld: 6 0-0: Replies other than 6...c6.} Rd8 13. Qe2 b6 14. Rfd1 Qb7 {[#]} 15. Rac1 $146 ({Predecessor:} 15. Ne1 Bxg2 16. Nxg2 Nb4 17. Nf4 e6 18. Rac1 Na2 19. Ra1 Nb4 20. Rac1 Rac8 21. Ba3 {½-½ (47) Georgiev,K (2623)-Nepomniachtchi,I (2729) Riadh 2017}) 15... Nb4 16. Ba3 e6 17. Ne1 Bxg2 18. Nxg2 Ne4 19. Qf3 Nd6 (19... Rab8 $11) 20. Qxb7 $16 Nxb7 21. Nf4 Rac8 ({Black should try} 21... Nd5 $14) 22. Bxb4 $1 axb4 23. Nd3 Bf8 24. Nde5 Re8 25. Nc6 f6 26. g4 h5 27. gxh5 gxh5 28. Kg2 Kf7 29. Kf3 Ra8 30. Rg1 Na5 (30... Rec8 $16 {was worth a try.} 31. h3 Nd6) 31. N4xa5 $18 bxa5 32. Rgd1 Bd6 33. h3 f5 34. Rg1 Rg8 35. Rxg8 Kxg8 $16 {[%mdl 4096] Endgame KRB-KRN} 36. Rg1+ Kf7 37. e4 fxe4+ 38. Kxe4 Ra6 39. d5 exd5+ 40. Kxd5 Kf6 41. Rg8 Kf5 (41... Bf4 $16 42. h4 Kf7) 42. h4 $18 Kf4 43. Rg5 Ra8 44. Rxh5 Rf8 (44... Kg4 $142 45. Rh7 Rf8) 45. Nxa5 $2 (45. Ke6 $18) 45... Kg4 $1 $11 {[%csl LRf2,LRh5][%mdl 64] [#] Discovered Attack} 46. Rh7 $2 (46. Rg5+ $1 $11 {and White is okay.} Kxh4 47. Re5 (47. f4 Rxf4 48. Re5 Bxe5 $17) 47... Bxe5 48. Kxe5) 46... Rf5+ $19 47. Kc6 Rxa5 {KRB-KR} 48. h5 (48. Rg7+ $142 Kxh4 49. Rg1) 48... Kg5 (48... Rc5+ $142 49. Kb7 Rc3) 49. Rh8 Kf6 (49... Rc5+ $19 50. Kb7 Be5) 50. h6 $17 Kg6 51. h7 Kg7 52. Rb8 Rc5+ (52... Kxh7 $17 {Hoping for ...Rc5+.} 53. Rb5 Ra7) 53. Kd7 $11 Kxh7 {[#] And now ...Rc3 would win.} 54. Rxb4 {Never resign too early! Accuracy: White = 68%, Black = 62%.} 1/2-1/2

[Event "HUN-ch Rapid 2020"]
[Site "Ajka"]
[Date "2020.07.18"]
[Round "7.3"]
[White "Erdos, Viktor"]
[Black "Kaczur, Florian"]
[Result "1-0"]
[WhiteElo "2618"]
[BlackElo "2507"]
[Annotator "TA"]
[PlyCount "105"]
[EventDate "2020.07.17"]
[EventType "swiss"]
[EventCountry "HUN"]
[SourceTitle "playchess.com"]
[Source "ChessBase"]
[SourceQuality "1"]

{[%evp 13,105,20,40,16,40,37,31,22,49,28,26,27,24,-24,37,29,31,27,28,39,36,33,44,35,39,18,16,12,31,18,18,11,11,17,63,57,110,112,112,111,112,105,102,114,179,93,94,100,156,129,207,205,283,176,197,-310,390,412,408,397,425,419,621,613,751,765,750,743,1111,1111,1023,1000,1090,1040,938,717,710,702,29976,29976,29976,29976,29982,29983,29983,29983,29983,12843,12844,12844,29989,29990,29995,12850]} 1. Nf3 g6 2. e4 Bg7 3. d4 d6 4. Be2 Nf6 5. Nc3 O-O 6. O-O a6 {outshines the older 6...c6. Played by Peter Svidler in May 2020.} 7. a4 Nc6 8. d5 {B08: Pirc Defence: Classical System.} Nb8 9. Bg5 $5 {[%mdl 4] [#] Leaves trodden paths.} Nbd7 $146 ({Predecessor:} 9... c6 10. h3 Qc7 11. Re1 Nbd7 12. a5 Re8 13. Qd2 cxd5 14. exd5 b5 15. axb6 Nxb6 {1-0 (75) Stojanovski,S (2239)-Pedersen,C (2121) Hillerod 2018}) 10. Re1 {White is slightly better.} c6 11. Bf1 Qc7 12. Qd2 Re8 13. a5 b6 (13... cxd5 $11 14. exd5 (14. Nxd5 Nxd5 15. Qxd5 Bxb2 $17) 14... b5) 14. dxc6 Qxc6 15. Nd4 Qc7 16. axb6 Nxb6 17. Nb3 Ng4 18. h3 Ne5 19. Nd5 $36 {[%mdl 2048] White has the initiative.} (19. Na5 {looks sharper.} Rb8 20. Be3 Bxh3 21. f4 Nec4 22. Nxc4 Nxc4 23. Nd5) 19... Nxd5 20. exd5 ({Much worse is} 20. Qxd5 Rb8 $15) 20... e6 21. dxe6 Bxe6 22. Rxa6 Rxa6 23. Bxa6 Qb6 24. Bf1 Bxb3 (24... Rb8 $14) 25. cxb3 $16 h6 26. Be3 Qxb3 27. Qxd6 Kh7 28. Qa3 Qb7 (28... Rb8 $16 {was called for.}) 29. Rb1 ({White should try} 29. b4 $1 $18) 29... Ra8 30. Qd6 Qe4 (30... Qb3 $142 31. Bf4 Nc4) 31. Rc1 Ra2 (31... Bf8 $16 32. Qd2 Bb4) 32. b4 $18 Rb2 33. Bc5 Qf4 34. Rd1 $4 {[%mdl 8192] [#]} (34. Qd1 $1 $18 {is the narrow road to win.}) 34... Qg5 $4 {[%mdl 8192]} (34... Nf3+ $1 $19 {[%mdl 512]} 35. gxf3 Be5 36. Qxe5 Qxe5) 35. Qd5 {White now steadily converts the win.} Rc2 36. Be3 Qf5 37. b5 h5 (37... Rc7 $142 38. b6 Rd7) 38. b6 Bh6 {If Black can now play ...Bxe3 this consolidates a bit.} 39. Bd4 Bf4 40. b7 {Hoping for Qd8.} Nc6 41. Qxf5 gxf5 42. Bd3 Ra2 43. Bxf5+ Kh6 44. Be3 Bxe3 45. fxe3 {[%mdl 4096] Endgame KRB-KRN} Kg5 46. Be4 Nb8 47. Rd8 f5 48. Rxb8 fxe4 49. Rg8+ Kh4 50. g3+ ({And not} 50. b8=Q Ra1+ 51. Qb1 Rxb1+ 52. Kf2 Rb2+ 53. Ke1 Re2+ 54. Kxe2 $11) (50. Rh8 $142 Ra1+ 51. Kh2 Rb1 52. b8=Q Rxb8 53. Rxb8 Kg5 54. Rb5+ Kh6 55. h4) 50... Kxh3 51. b8=Q {[%cal Rb8c8]} Rg2+ 52. Kf1 h4 {[#]} 53. gxh4 {Accuracy: White = 71%, Black = 50%.} (53. Rh8 $142 $1 Rxg3 54. Qc8+ Rg4 55. Rg8 Kh2 56. Qxg4 {[%mdl 64] Double Attack} h3 57. Qg1#) 1-0

[Event "HUN-ch Rapid 2020"]
[Site "Ajka"]
[Date "2020.07.18"]
[Round "7.4"]
[White "Kantor, Gergely"]
[Black "Nagy, Gabor"]
[Result "1-0"]
[WhiteElo "2530"]
[BlackElo "2502"]
[Annotator "TA"]
[PlyCount "141"]
[EventDate "2020.07.17"]
[EventType "swiss"]
[EventCountry "HUN"]
[SourceTitle "playchess.com"]
[Source "ChessBase"]
[SourceQuality "1"]

{[%evp 12,141,32,33,33,43,43,31,39,43,55,39,43,50,101,98,109,59,56,63,72,37,48,51,63,6,83,102,91,85,143,139,248,241,247,242,243,243,375,375,341,362,399,402,389,389,359,320,366,304,292,255,270,256,347,341,391,310,303,292,303,181,179,-76,-76,-76,-102,-141,-76,-77,250,225,357,191,417,423,411,121,288,0,0,0,277,276,935,891,840,805,708,508,986,571,981,977,950,945,858,562,545,508,508,547,517,516,525,0,488,442,899,899,855,835,842,861,799,556,5165,5065,2542,2493,29976,29977,29985,29986,29986,29987,29988,29986,29986,29987,29987,29987]} 1. d4 Nf6 2. c4 g6 3. Nc3 Bg7 4. e4 d6 5. h3 O-O 6. Be3 c5 7. Nf3 Qa5 {E90: King's Indian: Classical: Early deviations and 6 h3.} 8. Bd3 cxd4 9. Nxd4 Nc6 {White is slightly better.} 10. O-O Bd7 11. Qd2 Rfc8 {[#]} 12. f4 $146 ({Predecessor:} 12. a3 Ne5 13. b4 Qd8 14. Qe2 Nxd3 15. Qxd3 Qc7 16. Nd5 Qxc4 17. Qxc4 Rxc4 18. Rac1 Rxc1 19. Rxc1 Nxd5 20. exd5 {0-1 (29) Lukastik,D (1887)-Talla,V (2483) Stare Mesto 2009}) 12... Qd8 (12... Nxd4 $14 13. Bxd4 Bc6) 13. Rad1 Nh5 14. Nxc6 Bxc6 15. Qf2 Qa5 16. f5 Rf8 17. g4 Nf6 18. c5 (18. Bb1 $14) 18... Nd7 (18... d5 $11) 19. cxd6 $16 exd6 20. Bc4 {fxg6 is the strong threat.} Qb4 (20... gxf5 $142 21. Qxf5 (21. gxf5 Kh8 $16) 21... Qxf5 22. Rxf5 (22. exf5 Rfe8 $14) 22... Ne5) 21. Bd5 $36 {[%mdl 2048] White is on the roll.} Nf6 (21... gxf5 $16 22. a3 (22. gxf5 Be5 $16) (22. Qxf5 Qxb2 23. Bxc6 Qxc3 $15 {[%mdl 64] Double Attack}) 22... Qa5) 22. a3 $18 ({Stronger than} 22. Bxa7 Bxd5 23. exd5 Nxg4 $11) 22... Qa5 23. Bxc6 bxc6 24. g5 Nd7 (24... Ne8 {is a better defense.} 25. f6 Bh8) 25. f6 Bh8 26. Rxd6 Ne5 27. Bf4 Rfe8 28. Rfd1 h6 29. h4 Rab8 30. Qe2 Qc5+ 31. Be3 Qa5 32. Kg2 h5 33. Bf4 Qc5 34. Bxe5 Qxe5 35. Rxc6 Qf4 36. Qf2 (36. Kh3 $142) 36... Qg4+ 37. Kf1 $2 ({Only move:} 37. Kh2 $18) 37... Rxe4 $1 $17 38. Nxe4 Qxd1+ 39. Kg2 Qd5 ({Black should play} 39... Qg4+ 40. Ng3 Qxh4) 40. Qc2 {aiming for b4.} Kh7 $2 {[%mdl 8192]} (40... Rxb2 $1 $17 41. Rc8+ {[#]} Kh7 $1 {[%mdl 512]} 42. Rxh8+ Kxh8 43. Qxb2 Qxe4+ {[%mdl 64] Double Attack} 44. Kg1 Qxh4) 41. Rc5 $18 Qe6 (41... Qd4 $142 42. b3 Re8) 42. Nf2 (42. b4 $142) 42... Re8 $2 (42... Bxf6 43. gxf6 Qxf6) 43. Rc7 Qd5+ 44. Kh2 $2 (44. Kf1 $18 {and the rest is easy.}) 44... Qe5+ $2 (44... Qd6+ $16 45. Kg2 Qd5+ 46. Kf1 Kg8) 45. Kh1 Qd5+ 46. Kh2 Qe5+ $1 {White stays focused until the end.} 47. Kg1 Qg3+ $2 {[#]} (47... Bxf6 48. gxf6 Qxf6) 48. Kf1 $1 Rf8 49. Qc4 Kg8 50. Rc8 {Intending Rxf8+ and mate.} Rxc8 (50... Qe5 $142 51. Qc5 Qxc5 52. Rxc5 Rd8) 51. Qxc8+ Kh7 {[#]} 52. Qb7 $1 Kg8 53. Qa8+ Kh7 54. Qd5 Kg8 55. Qc4 Qe5 56. Qc8+ Kh7 {[#]} 57. Qd7 $1 Kg8 58. Qc8+ Kh7 {[#]} 59. Qb7 $1 Kg8 (59... Bxf6 $142 60. gxf6 Qxf6 61. Qxa7 Kg7) 60. Qa8+ Kh7 61. Qxa7 Qb5+ 62. Kg1 Qc4 63. b4 {[%cal Bb2b4,Bb4b5][%mdl 32]} Kg8 64. Qa8+ Kh7 65. Qe8 Qc7 66. b5 {White mates.} Bxf6 67. gxf6 g5 68. Qe4+ Kg8 69. hxg5 Qg3+ 70. Kf1 Qxg5 71. Qg2 {Accuracy: White = 65%, Black = 44%.} 1-0

[Event "HUN-ch Rapid 2020"]
[Site "Ajka"]
[Date "2020.07.18"]
[Round "7.6"]
[White "Berkes, Ferenc"]
[Black "Horvath, Adam"]
[Result "1-0"]
[WhiteElo "2661"]
[BlackElo "2488"]
[Annotator "TA"]
[PlyCount "197"]
[EventDate "2020.07.17"]
[EventType "swiss"]
[EventCountry "HUN"]
[SourceTitle "playchess.com"]
[Source "ChessBase"]
[SourceQuality "1"]

{[%evp 9,197,11,23,19,19,8,27,20,43,0,43,44,43,27,37,41,34,31,57,73,60,77,64,73,69,73,120,118,132,123,120,118,121,134,178,186,168,176,206,229,231,211,217,245,212,221,238,44,44,59,386,385,356,122,118,115,105,110,113,88,90,78,95,18,18,18,0,0,33,0,0,0,0,0,0,0,31,31,31,39,46,0,0,0,0,0,0,0,0,0,0,0,0,0,0,0,104,111,329,317,334,4,4,4,16,16,147,147,165,14,23,16,16,24,39,16,20,16,33,0,71,98,198,24,93,26,40,8,29,0,0,4,5,5,5,0,0,0,12,0,0,0,12,20,27,0,0,0,0,0,0,0,0,0,0,0,0,0,0,0,0,0,0,0,0,0,0,0,0,0,0,0,0,4,98,104,109,20,24,21,73,24,143,143,117,8,96,94,29984,29985]} 1. d4 Nf6 2. g3 d5 3. Nf3 e6 4. Bg2 b5 5. O-O Bb7 6. a4 {A46: 1 d4 Nf6 2 Nf3 e6: Torre, London and Colle Systems.} b4 7. c4 bxc3 8. Nxc3 {White has an edge.} Be7 9. a5 {[#]} Na6 $146 {[%cal Bb8a6,Ba6c5,Bc5e4][%mdl 32]} ({Predecessor:} 9... O-O 10. Na4 Nbd7 11. Bd2 Ba6 12. b4 Rb8 13. Rb1 Ne4 14. Re1 c6 15. Qc2 Bd6 {½-½ (70) Lodhi,M (2335)-Gonzalez Acosta,B (2469) Tromsoe 2014}) 10. Qa4+ Qd7 11. Qb3 Qc8 12. Bf4 $36 {[%mdl 2048] White fights for an advantage.} O-O 13. Rfc1 c5 14. dxc5 Nxc5 15. Qd1 Qe8 16. b4 Nce4 17. b5 Rc8 18. a6 Ba8 19. Nxe4 dxe4 20. Rxc8 Qxc8 21. Rc1 $1 {[%cal Rc1c8]} Qe8 22. Nd4 Ba3 23. Rc3 $1 Bb4 24. Rc4 e5 25. Bxe5 $1 (25. Rxb4 $6 exf4 26. gxf4 Nd5 $14) 25... Qxe5 26. Rxb4 e3 27. f4 Qd6 28. Qb1 $2 (28. Rb1 $18) 28... Bxg2 $14 29. Kxg2 Re8 $2 {[%mdl 8192]} (29... Nd5 $1 $14 30. Rb3 Nxf4+ 31. gxf4 Qxd4) 30. Nf3 $18 h6 31. b6 $2 (31. Rd4 $18 {is more deadly.} Qb8 32. Ne5) 31... Nd5 $16 32. Re4 Rxe4 33. Qxe4 Nxb6 34. Qe8+ Qf8 35. Qxe3 Qc8 36. Qd3 (36. Nd4 $16) 36... Nc4 $11 37. Ne5 Nxe5 38. fxe5 {[%mdl 4096] Endgame KQ-KQ} Qc6+ 39. e4 Qe6 40. Qd6 Qa2+ 41. Kh3 Kh7 42. Qd7 h5 43. Qxa7 Qe6+ 44. Kg2 Qa2+ 45. Kf3 (45. Qf2 $5 {[%cal Rf2a2]} Qxa6 46. Qf5+ (46. Qxf7 Qe2+ 47. Kg1 Qe1+ 48. Qf1 Qxe4 $14) 46... Kg8 47. Qxh5 $16) 45... Qa3+ 46. Ke2 Qa2+ 47. Kd3 Qb1+ 48. Kc3 Qc1+ 49. Kb3 Qb1+ 50. Kc3 Qc1+ 51. Kb4 {aiming for Qd4.} Qb1+ 52. Ka5 Qa1+ (52... Qa2+ $11 53. Kb6 Qe6+ 54. Kc5 Qxe5+ 55. Kc6 Qxe4+ 56. Kd6 Qe6+ 57. Kc7 Qe5+ 58. Kc8 Qe8+ 59. Kb7 Qe4+ 60. Kc8 Qe8+ 61. Kc7 Qe5+ 62. Kd8 Qd5+ 63. Ke8 Qc6+ 64. Ke7 (64. Kxf7 Qf6+ 65. Ke8 Qe6+ 66. Qe7 Qxa6 $11) 64... Qf6+ 65. Kd7 Qe6+ 66. Kd8 Qd5+ 67. Qd7 Qa5+ {[%mdl 64] Double Attack} 68. Ke7 Qxa6) 53. Kb5 $1 $16 Qb2+ $2 (53... Qb1+ $16 54. Kc6 Qxe4+ 55. Kd6 Qg6+ 56. Kc7 Qe6) 54. Kc6 $18 Qxe5 55. Qxf7 $2 (55. Qc5 $1 $18 {[%cal Rc5e5]} Qe6+ 56. Kb5 Qb3+ 57. Ka5 Qa2+ 58. Kb6 Qe6+ 59. Qc6) 55... Qxe4+ $11 56. Qd5 Qe8+ 57. Kb6 Qb8+ (57... Qe3+ $11 {keeps the balance.} 58. Kc6 Qe8+ 59. Kc5 Qc8+ 60. Kb5 Qe8+ 61. Kb4 Qe1+ 62. Kc4 Qc1+ 63. Kb3 Qe3+ 64. Ka4 Qe8+ 65. Kb4 Qe1+ 66. Kc4 Qc1+ 67. Kb4 Qb2+ 68. Ka5 Qa1+ 69. Kb6 Qf6+ 70. Kb5 Qf1+ 71. Kb6 Qf6+ 72. Kb7 Qe7+ 73. Kc6 Qf6+ 74. Qd6 Qf3+ 75. Kb6 Qb3+ 76. Ka5 Qa2+ 77. Kb4 Qb2+ 78. Ka5 Qa2+ 79. Kb4 Qb1+ 80. Kc4 Qa2+ 81. Kb5 Qb3+ 82. Kc6 Qc4+ 83. Kb6 Qb3+ 84. Kc6 Qc4+ 85. Kd7 Qf7+ 86. Kd8 Qf3) 58. Ka5 $1 $16 Qc7+ 59. Kb5 $2 (59. Kb4 $1 $18 Qb6+ 60. Qb5 Qd4+ 61. Qc4 Qd2+ 62. Kc5) 59... Qb8+ $11 60. Ka4 Qe8+ $1 61. Ka5 Qe1+ 62. Kb5 Qe2+ 63. Kb6 Qe3+ $1 64. Kb5 (64. Qc5 $5 {[%cal Rc5e3]} Qe6+ 65. Ka5 $18) 64... Qe2+ 65. Qc4 Qe5+ (65... Qxh2 $16 66. Qe4+ Kh8) 66. Qc5 $2 (66. Kb4 $18) 66... Qe8+ {[#]} 67. Qc6 (67. Kb4 $1 $16 Qe1+ 68. Ka4) 67... Qe5+ 68. Kc4 Qe2+ 69. Kd4 {Intending Qe4+ and mate.} Qd2+ 70. Ke5 Qxh2 71. Qe4+ Kh8 $1 72. Qa8+ Kh7 73. Qe4+ Kh8 $1 74. Qa8+ Kh7 75. Qe4+ Kh8 $1 76. Qd3 {And now a7 would win.} Qb2+ 77. Kf5 Qb6 78. Kg5 Qh6+ 79. Kh4 {Black must now prevent Qd8+.} g5+ 80. Kh3 Qe6+ 81. Kh2 Qa2+ 82. Kh3 {Hoping for Qd4+.} Qe6+ 83. Kg2 {Threatens to win with Qd4+.} Qc6+ 84. Kh2 Qb6 85. Qe2 Kg7 $1 86. Qe7+ Kg6 87. Qe8+ Kg7 88. Qd7+ Kg6 89. Qd3+ Kg7 90. Qc3+ Kg6 91. Qc2+ Kf6 (91... Kh6 $11) 92. Qa2 $16 Qa7 93. Qb2+ (93. Kg2 $16 {Strongly threatening Qf2+.} Ke7 94. Qe2+ Kd7 95. Qd2+ (95. Qxh5 Qxa6 96. Qf7+ Kd8 $14) 95... Kc7 96. Qxg5 Qa8+ 97. Kh2 Qxa6 98. Qe7+ (98. Qxh5 Qe6 $16) 98... Kc8 99. Qe8+ Kc7 100. Qe7+ (100. Qxh5 Qe6 $14) 100... Kc8 101. Qf8+ Kd7 102. Qf7+ Kd8 103. Qf8+ (103. Qxh5 Ke7 $11) 103... Kd7 104. Qf7+ Kd8 105. Qxh5) 93... Ke6 94. Qe2+ Kd5 (94... Kd6 $11) 95. Kg2 {Qf3+ is the strong threat.} g4 (95... h4 $11 {remains equal.}) 96. Qb5+ Kd6 97. Qxh5 (97. Qd3+ $16 Ke5 98. Qe2+ Kd5 99. Qe8 Qxa6 100. Qxh5+ {[%mdl 64] Double Attack} Ke4 101. Qxg4+ Kd5 102. Qg5+ Kd4 103. Qf4+ Kd5 104. Qf7+ Ke4 105. Qf4+ Kd5 106. Qf5+ Kd4 107. Qf2+ Ke5 108. Qf4+ Kd5) 97... Qd4 (97... Qa8+ $11 98. Kh2 Qf3) 98. Qh6+ Kc7 $2 {[%mdl 8192] [#]} (98... Kd7 $16) 99. Qf4+ $1 {[%mdl 64] Double Attack. Accuracy: White = 70%, Black = 70%.} 1-0